MARC details
| 000 -LEADER |
| fixed length control field |
04355nam a22002417a 4500 |
| 005 - ΗΜΕΡΟΜΗΝΙΑ ΚΑΙ ΩΡΑ ΤΕΛΕΥΤΑΙΑΣ ΕΝΗΜΕΡΩΣΗΣ |
| Πεδίο ελέγχου |
20250716144529.0 |
| 006 - FIXED-LENGTH DATA ELEMENTS--ADDITIONAL MATERIAL CHARACTERISTICS |
| Πεδίο ελέγχου σταθερού μήκους |
a|||||r||||||||||| |
| 008 - FIXED-LENGTH DATA ELEMENTS--GENERAL INFORMATION |
| Πεδίο ελέγχου σταθερού μήκους |
240723s2023||||gr |||||||||||||||||gre| |
| 020 ## - ISBN |
| ISBN |
9786185118945 |
| 040 ## - ΠΗΓΗ ΚΑΤΑΛΟΓΟΓΡΑΦΗΣΗΣ |
| Φορέας πρωτότυπης καταλογογράφησης |
|
| Γλώσσα καταλογογράφησης |
Ελληνικά, Μοντέρνα (1453-) |
| Φορέας μεταγραφής |
GRAtEVE |
| Κανόνες περιγραφικής καταλογογράφησης |
rda |
| Modifying agency |
MC Athens Campus Library |
| 100 1# - MAIN ENTRY--PERSONAL NAME |
| Personal name |
Winnicott, D. W. |
| Dates associated with a name |
1896-1971 |
| Τίτλοι και λέξεις που συνοδεύουν το όνομα |
(Donald Woods) |
| 9 (RLIN) |
416 |
| 245 10 - ΤΙΤΛΟΣ ΚΑΙ ΔΗΛΩΣΗ ΥΠΕΥΘΥΝΟΤΗΤΑΣ |
| Τίτλος |
Διαδικασίες ωρίμανσης και διευκολυντικό περιβάλλον : |
| Remainder of title |
μελέτες για τη θεωρία της συναισθηματικής ανάπτυξης / |
| Statement of responsibility, etc. |
D.W. Winnicott ; εισαγωγή, μετάφραση Θανάσης Χατζόπουλος |
| 264 #1 - PRODUCTION, PUBLICATION, DISTRIBUTION, MANUFACTURE, AND COPYRIGHT NOTICE |
| Place of production, publication, distribution, manufacture |
Αθήνα : |
| Name of producer, publisher, distributor, manufacturer |
Εκδόσεις του Εικοστού Πρώτου, |
| Date of production, publication, distribution, manufacture, or copyright notice |
2023 |
| 300 ## - PHYSICAL DESCRIPTION |
| Extent |
449 σελίδες ; |
| Διαστάσεις |
21 εκ. |
| 336 ## - CONTENT TYPE |
| Content type term |
κείμενο |
| Content type code |
txt |
| Πηγή |
rdaco |
| Real World Object URI |
http://rdaregistry.info/termList/RDAContentType/1020 |
| 337 ## - MEDIA TYPE |
| Media type term |
αδιαμεσολάβητο |
| Media type code |
n |
| Πηγή |
rdamt |
| Real World Object URI |
http://rdaregistry.info/termList/RDAMediaType/1007 |
| 338 ## - CARRIER TYPE |
| Carrier type term |
τόμος |
| Carrier type code |
nc |
| Πηγή |
rdact |
| Real World Object URI |
http://rdaregistry.info/termList/RDACarrierType/1049 |
| 500 ## - GENERAL NOTE |
| Γενική σημείωση |
Τίτλος πρωτοτύπου: Maturational Processes and the Facilitating Environment : Studies in the Theory of Emotional Development |
| 520 ## - SUMMARY, ETC. |
| Summary, etc. |
Ο τόμος "Διαδικασίες ωρίμανσης και διευκολυντικό περιβάλλον περιέχει άρθρα του D.W. Winnicott της περιόδου 1958-1964, που αναλαμβάνουν να μας μιλήσουν για τη σχέση την οποία περιγράφει ο τίτλος, στον οποίο λανθάνει η έννοια του υποκειμένου, τόσο πίσω από τις διαδικασίες ωρίμανσης όσο και πίσω από το διευκολυντικό περιβάλλον, όπου περιλαμβάνονται επίσης οι βασικοί και απαραίτητοι άλλοι, χωρίς τους οποίους κανένα υποκείμενο και κανένα «μωρό» δεν μπορεί να υπάρξει. Έτσι εδώ υπάρχουν κείμενα όπως: «Η απαρτίωση του εγώ στην ανάπτυξη του παιδιού» και «Η θεωρία της σχέσης γονέα-βρέφους»· «Η ανάπτυξη της ικανότητας για έγνοια», όπου η έγνοια είναι το αντίστοιχο της ενοχής με θετικό όμως πρόσημο· «Η ικανότητα να είσαι μόνος», παρουσία ενός άλλου, εννοείται· «Παραμόρφωση του εγώ από την άποψη του Αληθούς και του Ψευδούς Εαυτού», όπου ο Winnicott εισάγει την έννοια του ψευδούς εαυτού και αναλύει την παραμορφωτική επίδραση των άλλων στη διαμόρφωσή του· «Μελέτη ορισμένων αντιθέτων με παράμετρο το επικοινωνείν κοι το μη-επικοινωνείν», όπου η χαρά της επικοινωνίας συμβαδίζει με τον κρυμμένο και απομονωμένο εαυτό, αφού ένα από τα παράδοξα που μας προτείνει ο Winnicott λέει ότι «είναι χαρά να κρύβεσαι, αλλά καταστροφή να μη σε βρίσκουν». Ο D.W. Winnicott εργάστηκε με παιδιά, εφήβους και ενήλικους σε όλη τη διάρκεια της πορείας του, και συνομιλώντας τόσο με τις ιδέες και την πρακτική του Sigmund Freud όσο και των συγχρόνων του, αρχής γενομένης από τη Melanie Klein, κατάφερε στηριζόμενος στο κλινικό έργο του να μας μεταφέρει την εμπειρία και τα συμπεράσματά του, προχωρώντας την ψυχαναλυτική σκέψη σε εύρος αλλά και σε βάθος σχετικά με την οργάνωση του ψυχισμού και τα ελλείμματά του. |
| 650 #0 - SUBJECT ADDED ENTRY--TOPICAL TERM |
| Topical term or geographic name entry element |
Δραματοθεραπεία |
| 9 (RLIN) |
9848 |
| 942 ## - ADDED ENTRY ELEMENTS (KOHA) |
| Koha item type |
Books |
| Source of classification or shelving scheme |
Δεκαδική Ταξινόμηση Dewey |